000 00389nam a2200157 i 4500
001 bg
100 1 _aTURNAU,
245 0 _aTechnika analogowa /
_cTurnau, Danuta Żuchowska, Adam Żuchowski.
260 _aSzczecin,
_c1978.
700 1 _aŻUCHOWSKA, Danuta
700 1 _aŻUCHOWSKI, Adam
040 _cBPK
041 _apol
942 _cKS
008 s pl f |000 0 pol
999 _c17615
_d17615
856 _uhttp://koha.tu.koszalin.pl/cgi-bin/koha/opac-detail.pl?biblionumber=17615
_yKatalog online BPK